Normal view
MARC view
- Construction industry
Entry Topical Term
001 - CONTROL NUMBER
- control field: 6005
003 - CONTROL NUMBER IDENTIFIER
- control field: OSt
005 - DATE AND TIME OF LATEST TRANSACTION
- control field: 20170518115421.0
008 - FIXED-LENGTH DATA ELEMENTS
- fixed length control field: 170518|| aca||aabn | a|a d
040 ## - CATALOGING SOURCE
- Original cataloging agency: OSt
- Transcribing agency: OSt
150 ## - HEADING--TOPICAL TERM
- Topical term or geographic name entry element: Construction industry
- General subdivision: Management
670 ## - SOURCE DATA FOUND
- Source citation: Work cat.: (OSt)0: Lang, Hans J. 6004, Profitability accounting and bidding strategy for engineering and construction management /, 1983

PORTAL AKMAL
E-MEL JKDM
AKMAL2U
G-BAM
u-PUSTAKA